| 000 | 00914nam1a2200277 i 4500 | ||
|---|---|---|---|
| 001 | RU\NLR\bibl\57394 | ||
| 005 | 20241106065330.0 | ||
| 035 | _a(NLR Aleph) 000055975 | ||
| 090 |
_a302540 _c302540 |
||
| 100 | _a19991105g19999999m y0rusy50 ca | ||
| 101 | 0 | _arus | |
| 102 | _aRU | ||
| 105 | _a||||z ||||| | ||
| 200 | 1 |
_aАнастасия _eСуществую для тех, для кого существую _fВладимир Мегре |
|
| 210 |
_aМ. _cИЦ Анастасии _aСПб. _cДиля _d1999 |
||
| 215 | _d20 | ||
| 225 | 1 | _aЗвенящие кедры | |
| 463 | 0 | _100156242 | |
| 600 | 0 |
_aАнастасия _92078895 _3RU\NLR\auth\661254762 |
|
| 600 | 0 |
_aАнастасия _2psbo |
|
| 686 | _aЮ96 | ||
| 700 | 1 |
_aМегре _bВ. Н. _f1950- _gВладимир Николаевич _4070 |
|
| 801 | 0 |
_aRU _bNLR _c19991105 _gPSBO |
|
| 801 | 1 |
_aRU _bNLR _c19991105 |
|
| 852 |
_aNLR _j99-3/13547 |
||
| 942 | _cBOOK | ||